=LDR 00000nam 2200000 4500 =001 INLIS000000000023387 =005 20130612122046 =008 ***********************************Ind** =035 ##$$0010-061300000023387 =041 ##$$a Ind =082 ##$$a 658.403 =090 ##$$a 658.403, Hen b =100 ##$$a Hendricks, William =245 ##$$a Bagaimana mengelola konflik, Petunjuk praktis untuk manajemen konflik yang efektif =260 ##$$a 2004 $b Jakarta =300 ##$$a 89 hlm, 21 cm =650 ##$$a Manajemen konflik =850 ##$$a NBPNMAT